El Merengue y la Bachata, Orígenes, etapas y líderes (Record no. 7939)
[ view plain ]
| 000 -LEADER | |
|---|---|
| campo de control de longitud fija | 00346nam a2200133Ia 4500 |
| 001 - NÚMERO DE CONTROL | |
| campo de control | 634 |
| 008 - DATOS DE LONGITUD FIJA--INFORMACIÓN GENERAL | |
| campo de control de longitud fija | 241024s9999 xx 000 0 und d |
| 082 ## - NÚMERO DE LA CLASIFICACIÓN DECIMAL DEWEY | |
| Número de clasificación | RD/784.18/C117e |
| 100 ## - ENTRADA PRINCIPAL--NOMBRE DE PERSONA | |
| Nombre de persona | Euri Cabral |
| 245 #0 - MENCIÓN DEL TÍTULO | |
| Título | El Merengue y la Bachata, Orígenes, etapas y líderes |
| 260 ## - PUBLICACIÓN, DISTRIBUCIÓN, ETC. | |
| Nombre del editor, distribuidor, etc. | Ed. Buho |
| Fecha de publicación, distribución, etc. | 2009 |
| 901 ## - ELEMENTOS DE DATOS A LOCAL LDA (RLIN) | |
| a | 23/11/2010 10:08:02 a.m. |
No items available.